Países de Latinoamérica - Estadísticas

Estadísticas generales
  • Esta prueba ha sido intentada 514 veces
  • La puntuación promedio es 17 de 21
Estadísticas de respuestas
País % Correcto
Argentina
99%
Colombia
97%
Chile
95%
Venezuela
95%
Brasil
94%
Perú
94%
Uruguay
92%
Bolivia
91%
Paraguay
90%
México
89%
Ecuador
88%
Cuba
78%
Panamá
78%
El Salvador
77%
Honduras
77%
República Dominicana
76%
Costa Rica
75%
Nicaragua
69%
Guatemala
67%
Haití
61%
Belice
47%
No se encontraron pruebas coincidentes
Distribución de puntuación
Porcentaje de gente con cada puntuación
Porcentaje por número respondido
Historial de tus puntuaciones
No has intentado esta prueba.